Powers of 10 - Statistics

General Stats
  • This quiz has been taken 24 times
  • The average score is 20 of 32
Answer Stats
Number Power Name % Correct
100 10^2 hundred
95%
1 10^0 one
95%
100000 10^5 one hundred thousand
95%
1000000 10^6 one million
95%
10 10^1 ten
95%
10000000 10^7 ten million
95%
10000 10^4 ten thousand
95%
1000 10^3 thousand
95%
1000000000000 10^12 one trillion
86%
1000000000 10^9 one billion
77%
1000000000000000000000000000 10^27 one octillion
77%
1000000000000000000000 10^21 one sextillion
77%
10000000000 10^10 ten billion
77%
100000000000 10^11 one hundred billion
73%
100000000 10^8 one hundred million
73%
1000000000000000 10^15 one quadrillion
73%
1000000000000000000000000000000000 10^33 one decillion
68%
1000000000000000000 10^18 one quintillion
68%
1000000000000000000000000 10^24 one septillion
68%
10,000,000,000,000,000,000,000,000,000,000,000,000,000,000,000,000,000,000,000,000,000,000,000,000,000,000,000,000,000,000,000,000,000 10^100 one googol
64%
1000000000000000000000000000000 10^30 one nonillion
64%
1000000000000000000000000000000000000000 10^39 one duodecillion
55%
1000000000000000000000000000000000000 10^36 one undecillion
50%
1000000000000000000000000000000000000000000 10^42 one tredecillion
45%
1000000000000000000000000000000000000000000000000 10^48 one quindecillion
36%
1000000000000000000000000000000000000000000000000000 10^51 one sexdecillion
32%
1000000000000000000000000000000000000000000000000000000000 10^57 one octodecillion
27%
1,000,000,000,000,000,000,000,000,000,000,000,000,000,000,000,000,000,000, 000,000,000,000,000,000,000,000,000,000,000,000,000 10^93 one trigintillion
23%
1000000000000000000000000000000000000000000000000000000000000 10^60 one novemdecillion
18%
1000000000000000000000000000000000000000000000 10^45 one quattordecillion
18%
1000000000000000000000000000000000000000000000000000000 10^54 one septendecillion
18%
1000000000000000000000000000000000000000000000000000000000000000 10^63 one viginitillion
14%
No matching quizzes found
Score Distribution
Percent of People with Each Score
Percentile by Number Answered
Your Score History
You have not taken this quiz